Desafíos del socialismo cubano /

Salvato in:
Dettagli Bibliografici
Autore principale: Martínez Heredia, Fernando (autor)
Natura: Libro
Lingua:spagnolo
Pubblicazione: La Habana, Cuba : Centro de Estudios sobre América, 1988, c1988
Soggetti:
Tags: Aggiungi Tag
Nessun Tag, puoi essere il primo ad aggiungerne!!

MARC

LEADER 00000nam^a2200000^a^4500
001 000401958
005 20250521000000.0
009 20260310121700.227
037 |a Acervo ITESO - Biblioteca 
041 |a ESP 
082 |a 320. 97291064  |b MAR 
100 |a Martínez Heredia, Fernando  |e (autor) 
245 1 0 |a Desafíos del socialismo cubano /  |c F. Martínez Heredia. 
264 4 |a La Habana, Cuba :  |b Centro de Estudios sobre América,  |c 1988, c1988 
300 |a 105 p. 
336 |a texto  |b txt  |2 rdacontenido 
337 |a sin mediación  |b n  |2 rdamedio 
338 |a volumen  |b nc  |2 rdasoporte 
561 |a Obra autografiada por Fernando Martínez Heredia para Carlos Núñez Hurtado, ejemplar 1 
649 |a XX 
650 |a Socialismo -  |z Cuba -  |x Tema Principal 
650 |a Socialismo -  |z Cuba -  |x Historia -  |y 1959-1990 
650 |a Prospectiva Económica -  |z Cuba 
650 |a Prospectiva Política -  |z Cuba 
650 |a Política -  |z Cuba -  |x Historia -  |y 1959-1990 
910 |a Fondo Carlos Núñez Hurtado 
920 |a Impresos - Libros 
930 |a Fondos Especiales 
905 |a 117 
901 |a 0500297626  |b IT2  |c ESP  |i d79482  |u 20250521 
901 |a 0500297629  |b IT2  |c ESP  |i d79444  |u 20250521 
901 |a 0500297710  |b IT2  |c ESP  |i d79494  |u 20250521 
902 |a https://opac.biblio.iteso.mx/vufind/Record/000401958